00740nam a2200241 a 4500001001300000003000900013005001700022008004100039020001000080082001600090100002200106245005500128260004500183300000900228500003500237505002600272650002900298700002200327902000800349942000700357952011700364999001700481nice12345678IN_TiNIC20260116014556.0050524s1999 newa grp 000 0 urd  ac15000a297.7bKHA5 aKhan, Abdul Waris aIslami Uloom Mein Nadwatul Musannifeen Ki Khidmaat aNew DelhibIslamic Book Foundationc1999 a317p aincludes index and biblioraphy2 aIndex, Quranic Verses aIslam-Study and Teaching1 aKhan, Abdul Waris bSRS cBK 001040708StackRoom-aHMIbHMId2007-07-12g150.00l0o297.7 KHA5p020591r2007-07-12v150.00w2005-05-24yBK c16043d16043